Music Quiz

Random Music or Artist Quiz

Bands by solo albums Quiz Stats

 Plays Quiz not verified by Sporcle

Challenge
Share
Tweet
Embed
Score 0/15 Timer 07:00
0 Plays Today
Solo Albums Band % Correct
Double Fantasy, Living in the Material World, Y NotThe Beatles
77%
If I Could Only Remember My Name, After the Gold Rush, This Path TonightCrosby, Stills, Nash, and Young
73.5%
So, Face Value, Spectral MorningsGenesis
69.1%
Rattle That Lock, The Pros and Cons of Hitchhiking, The Madcap LaughsPink Floyd
53.9%
Ten Summoner's Tales, Silent Fall, XYZThe Police
53.9%
Diary of a Madman, Master of the Moon, Plastic PlanetBlack Sabbath
52.9%
I've Got My Own Album to Do, One for the Road, Every Picture Tells a StoryThe Faces
49.5%
Olias of Sunhillow, The Six Wives of Henry VIII, Portraits of Bob DylanYes
28.9%
Solo Albums Band % Correct
Firehead VII, The Bride Stripped Bare, Another Green WorldRoxy Music
27%
White City: A Novel, Under a Raging Moon, Rigor Mortis Sets InThe Who
25.5%
Sitting on the Top of Time, Emotion and Commotion, Riding With the King*The Yardbirds
22.1%
The Thunderthief, Lullaby...and the Ceaseless Roar, OutriderLed Zeppelin
20.6%
Fun in Space, Mr. Bad Guy, Another WorldQueen
20.6%
Street Talk, Gringo, Beyond ThunderJourney
17.2%
Accidentally On Purpose, Secret Voyage*, The Butterfly Ball and the Grasshopper's FeastDeep Purple
13.2%

You're not logged in!

Compare scores with friends on all Sporcle quizzes.
OR
Log In

You Might Also Like...

Show Comments

Extras

Curator's Pick Dec 12, 2016ReportNominate
Tags:Album Quiz, Artist Quiz, different, solo

Top Quizzes Today


Score Distribution

Your Account Isn't Verified!

In order to create a playlist on Sporcle, you need to verify the email address you used during registration. Go to your Sporcle Settings to finish the process.

Report this User

Report this user for behavior that violates our Community Guidelines.

Details: